000 00543nam a2200181 i 4500
001 62332
003 ES-MaACL
005 20250812082607.0
007 t|
008 031120s1930 it f |||| | ita d
100 1 _aFelice, Carlo A.
_949155
245 1 0 _aArte decorativa 1930 all'esposizione di Monza /
_cCarlo A. Felice.
260 _aMilano :
_b[s.n.],
_c1930 (
_fGráf. Moderna)
300 _a70 p., 151 lám. ;
_c28 cm.
650 7 _aArtes decorativas
_2embne
_9135625
852 _aES-MaACL
_jB-12050
999 _c62332
_d62332